[Event "Online Olym Div4 B 2020"]
[Site "chess.com INT"]
[Date "2020.07.31"]
[Round "2.1"]
[Board "6"]
[White "Mehak, Gul"]
[Black "Horn, Lure"]
[Result "0-1"]
[WhiteElo "1533"]
[BlackElo "1116"]
[WhiteTeam "Pakistan"]
[BlackTeam "Namibia"]
[WhiteFideId "7800908"]
[BlackFideId "15200728"]
[EventDate "2020.07.31"]
[EventType "team"]

1. e4 c5 2. c3 Nc6 3. d4 cxd4 4. cxd4 Nf6 5. e5 Nd5 6. Nc3 Nc7 7. Nf3 d5 8. exd6
exd6 9. Be2 Be7 10. d5 Ne5 11. Nxe5 dxe5 12. O-O O-O 13. Be3 Re8 14. Qd3 Bf6 15.
d6 Ne6 16. Ne4 Nf4 17. Nxf6+ Qxf6 18. Bxf4 exf4 19. d7 Bxd7 20. Qxd7 Rxe2 21.
Qxb7 Rae8 22. Rab1 Qe5 23. h3 h6 24. Qf3 Rxb2 25. Rxb2 Qxb2 26. Qxf4 Qxa2 27.
Qd4 Qa5 28. Qa1 Qb6 29. Qb1 Qc6 30. Qc1 Qa8 31. Re1 Rxe1+ 32. Qxe1 a5 33. Qa1 a4
34. Qa3 Qa5 35. Kh2 Qb5 36. Qf3 Qb3 37. Qa8+ Kh7 38. Qe4+ g6 39. Qe7 a3 40. Qa7
a2 41. f3 Qd5 42. h4 Qe5+ 43. Kh3 a1=Q 44. Qxf7+ Qg7 45. Qxg7+ Kxg7 0-1

[Event "Online Olym Div4 B 2020"]
[Site "chess.com INT"]
[Date "2020.07.31"]
[Round "2.2"]
[Board "1"]
[White "Paiva, Donaldo"]
[Black "Borg, Geoffrey"]
[Result "1-0"]
[WhiteTitle "CM"]
[BlackTitle "FM"]
[WhiteElo "2230"]
[BlackElo "2367"]
[WhiteTeam "Mozambique"]
[BlackTeam "Malta"]
[WhiteFideId "14800098"]
[BlackFideId "5600014"]
[EventDate "2020.07.31"]
[EventType "team"]

1. e4 c5 2. Nf3 g6 3. c3 Bg7 4. d4 cxd4 5. cxd4 d5 6. exd5 Nf6 7. Bb5+ Nbd7 8.
Nc3 O-O 9. O-O Nb6 10. Ne5 a6 11. Be2 Nbxd5 12. Bf3 Be6 13. Na4 Qd6 14. Nc5 Bc8
15. Be3 b6 16. Ncd3 Bb7 17. Qb3 Nxe3 18. fxe3 Bd5 19. Bxd5 Nxd5 20. Rf3 e6 21.
Raf1 Nxe3 22. Rxe3 Qxd4 23. Re1 Bxe5 24. Nxe5 Rac8 25. h3 Rc7 26. Kh1 Rfc8 27.
Nf3 Qd6 28. Rd3 Qg3 29. Rg1 b5 30. Qd1 Rc2 31. Nd4 1-0

[Event "Online Olym Div4 B 2020"]
[Site "chess.com INT"]
[Date "2020.07.31"]
[Round "2.2"]
[Board "2"]
[White "Fleri, Matthew"]
[Black "Abrantes, Persson"]
[Result "0-1"]
[BlackTitle "CM"]
[WhiteElo "1838"]
[BlackElo "2018"]
[WhiteTeam "Malta"]
[BlackTeam "Mozambique"]
[WhiteFideId "5602165"]
[BlackFideId "14800063"]
[EventDate "2020.07.31"]
[EventType "team"]

1. d4 g6 2. e4 d6 3. Nc3 c6 4. f4 Bg7 5. Nf3 Qb6 6. a3 Bg4 7. Na4 Qa5+ 8. c3 b5
9. h3 Bxf3 10. Qxf3 Qxa4 11. Bd3 Qa5 12. O-O Qc7 13. e5 a6 14. f5 gxf5 15. Qxf5
e6 16. exd6 exf5 17. dxc7 Nd7 18. Bxf5 Ngf6 19. Bg5 O-O 20. Bxf6 Nxf6 21. c8=Q
Raxc8 22. Bxc8 Rxc8 23. Rae1 Nd5 24. Rf3 f6 25. b3 Kf7 26. Kf2 Bh6 27. Re2 c5
28. c4 bxc4 29. bxc4 Nb6 30. Rb3 Nxc4 31. Rb7+ Kg6 32. dxc5 Rxc5 33. Ree7 Rf5+
34. Kg1 Be3+ 35. Kh2 Rf1 36. Rxh7 Bg1+ 37. Kg3 Bf2+ 38. Kh2 Kf5 39. Rb4 Bg1+ 40.
Kg3 Bf2+ 41. Kh2 Ne5 42. g4+ Kg6 43. Kg2 Rc1 44. Rhb7 Bh4 45. Ra4 Rc2+ 46. Kf1
Nf3 47. Rxa6 Rf2# 0-1

[Event "Online Olym Div4 B 2020"]
[Site "chess.com INT"]
[Date "2020.07.31"]
[Round "2.2"]
[Board "3"]
[White "Vilhete, Vania Fausto Da T."]
[Black "Caruana Pulpan, Oana"]
[Result "0-1"]
[WhiteTitle "WIM"]
[BlackTitle "WFM"]
[WhiteElo "1799"]
[BlackElo "1901"]
[WhiteTeam "Mozambique"]
[BlackTeam "Malta"]
[WhiteFideId "14800144"]
[BlackFideId "5600502"]
[EventDate "2020.07.31"]
[EventType "team"]

1. d4 f5 2. c4 Nf6 3. Nc3 d6 4. Nf3 g6 5. Bg5 Bg7 6. e3 O-O 7. Be2 c5 8. h3 Ne4
9. Bh4 h6 10. O-O g5 11. Bg3 g4 12. hxg4 Nxg3 13. fxg3 fxg4 14. Nh4 Rxf1+ 15.
Kxf1 cxd4 16. exd4 Nc6 17. Bxg4 Qb6 18. Bxc8 Rxc8 19. Nf5 Rf8 20. g4 e6 21. d5
exf5 22. Qc1 fxg4+ 23. Ke2 Qf2+ 24. Kd1 Nd4 25. Qd2 Qf1+ 26. Qe1 Qxe1+ 27. Kxe1
Nc2+ 0-1

[Event "Online Olym Div4 B 2020"]
[Site "chess.com INT"]
[Date "2020.07.31"]
[Round "2.2"]
[Board "4"]
[White "Farrugia, Jamie"]
[Black "Sitoe, Cheila Andre"]
[Result "1-0"]
[WhiteTitle "WFM"]
[BlackTitle "WCM"]
[WhiteElo "1604"]
[BlackElo "1588"]
[WhiteTeam "Malta"]
[BlackTeam "Mozambique"]
[WhiteFideId "5600898"]
[BlackFideId "14800780"]
[EventDate "2020.07.31"]
[EventType "team"]

1. e4 e5 2. Nf3 Nc6 3. Bc4 Be7 4. c3 Nf6 5. d3 d6 6. Bg5 O-O 7. Nbd2 h6 8. Bh4
a6 9. O-O Bg4 10. Qc2 b5 11. Bxf6 Bxf6 12. Bd5 Qd7 13. d4 Rae8 14. Qd3 exd4 15.
Bxc6 Qxc6 16. Nxd4 Qb7 17. Qg3 Bh5 18. f4 c5 19. Nf5 Qd7 20. Nxh6+ Kh8 21. Nf5
Bg6 22. Qh3+ Kg8 23. Nh6+ gxh6 24. Qxd7 Kh7 25. Qxd6 Bh4 26. Qxa6 Rg8 27. Qxb5
Rd8 28. Nf3 Be7 29. Ne5 Bxe4 30. Qe2 Bb7 31. Ng4 Rde8 32. Qd3+ Kh8 33. Nxh6
Rxg2+ 34. Kh1 Rd2+ 35. Qf3 Bxf3+ 36. Rxf3 Bd6 37. Nxf7+ Kg7 38. Nxd6 Rxd6 39.
Rg3+ Kf6 40. Rg2 Kf5 41. Rf2 Red8 42. h4 Kg4 43. f5 Rf6 44. a4 Rxf5 45. Rxf5
Kxf5 46. a5 Kg4 47. Ra4+ Kh5 48. a6 Ra8 49. Kg2 Kh6 50. Kf3 Kg6 51. Ke4 Kf6 52.
Kd5 Ke7 53. Kc6 c4 54. Kb7 Rh8 55. a7 1-0

[Event "Online Olym Div4 B 2020"]
[Site "chess.com INT"]
[Date "2020.07.31"]
[Round "2.2"]
[Board "5"]
[White "Farisse, Joao"]
[Black "Mizzi, Jack"]
[Result "0-1"]
[WhiteElo "1574"]
[BlackElo "1911"]
[WhiteTeam "Mozambique"]
[BlackTeam "Malta"]
[WhiteFideId "14800730"]
[BlackFideId "5602521"]
[EventDate "2020.07.31"]
[EventType "team"]

1. c4 e6 2. Nc3 Nf6 3. Nf3 d5 4. cxd5 exd5 5. g3 Be7 6. Bg2 O-O 7. O-O d4 8. Nb5
c5 9. d3 Nc6 10. Bf4 Nd5 11. Bd2 Be6 12. Na3 a6 13. Rb1 b5 14. Nc2 Rc8 15. e4
dxe3 16. fxe3 Nf6 17. Nce1 Qb6 18. b3 Rfd8 19. Qe2 b4 20. Kh1 Qb5 21. Rd1 a5 22.
h3 Ne4 23. Nd4 Nxd4 24. Bxe4 Nxe2 25. Kg2 Qb8 26. Rf3 Bd6 27. g4 Ng3 28. Nc2
Nxe4 29. dxe4 Be5 30. Rf2 Bc3 31. Ne1 Qe5 32. Bxc3 Qxe4+ 33. Nf3 Rxd1 0-1

[Event "Online Olym Div4 B 2020"]
[Site "chess.com INT"]
[Date "2020.07.31"]
[Round "2.2"]
[Board "6"]
[White "Stagno, Milena"]
[Black "Efentakis, Theodora"]
[Result "1-0"]
[WhiteElo "1486"]
[BlackElo "1147"]
[WhiteTeam "Malta"]
[BlackTeam "Mozambique"]
[WhiteFideId "5602289"]
[BlackFideId "14801078"]
[EventDate "2020.07.31"]
[EventType "team"]

1. e4 e5 2. Nf3 Nc6 3. d4 exd4 4. Nxd4 Bc5 5. Nxc6 bxc6 6. Nc3 Nf6 7. Bc4 h6 8.
O-O O-O 9. Re1 d6 10. Bf4 Re8 11. Qd3 Ng4 12. Bg3 Qf6 13. Rf1 Be6 14. Bxe6 fxe6
15. Na4 Red8 16. Nxc5 dxc5 17. Qa3 Qd4 18. h3 Ne5 19. c3 Qxe4 20. Rfe1 Nf3+ 21.
gxf3 Qxf3 22. Qxc5 Rf8 23. Rxe6 Rad8 24. Ree1 Rf5 25. Qe3 Qh5 26. Bxc7 Rdf8 27.
Rf1 Rf3 28. Qe6+ Kh8 29. Kg2 Qg5+ 30. Qg4 Qd5 31. Kg1 R8f4 32. Bxf4 Rxf4 33.
Qxf4 Qf7 34. Qxf7 Kh7 35. Kh2 c5 36. Rg1 c4 37. Qxg7# 1-0

[Event "Online Olym Div4 B 2020"]
[Site "chess.com INT"]
[Date "2020.07.31"]
[Round "2.3"]
[Board "1"]
[White "Michaelides, Konstantinos"]
[Black "Kimera, Innocent"]
[Result "1-0"]
[WhiteTitle "CM"]
[WhiteElo "2260"]
[BlackElo "1857"]
[WhiteTeam "Cyprus"]
[BlackTeam "Uganda"]
[WhiteFideId "5901871"]
[BlackFideId "10000631"]
[EventDate "2020.07.31"]
[EventType "team"]

1. d4 d5 2. c4 c6 3. cxd5 cxd5 4. Bf4 Nc6 5. e3 a6 6. Nc3 Nf6 7. Bd3 e6 8. Nge2
h6 9. Rc1 Bd6 10. O-O O-O 11. Na4 Bxf4 12. Nxf4 e5 13. dxe5 Nxe5 14. Bb1 b5 15.
Nc5 Re8 16. h3 Rb8 17. Qc2 Qd6 18. Rfd1 g5 19. Ne2 Nc4 20. Nb3 Bd7 21. Nbd4 Rbc8
22. Nf5 Bxf5 23. Qxf5 Qe5 24. b3 Nd6 25. Qxe5 Rxe5 26. Rxc8+ Nxc8 27. Rc1 Nb6
28. Rc6 Re6 29. Nd4 Rxc6 30. Nxc6 Kf8 31. Bd3 Nfd7 32. Nb4 a5 33. Nc6 a4 34.
Bxb5 axb3 35. axb3 Nc5 36. b4 Ne4 37. Kf1 h5 38. Bd3 Nd6 39. Ke2 f6 40. Kd2 Kf7
41. Kc3 g4 42. h4 f5 43. Kd4 Ke6 44. Kc5 Nd7+ 45. Kd4 Nb6 46. Ne5 Ne4 47. Bxe4
fxe4 48. Ng6 Kd6 49. Nf4 Kc6 50. Nxh5 Nc4 51. Nf6 Na3 52. h5 Nc2+ 53. Ke5 Nxb4
54. h6 Nd3+ 55. Kf5 Nxf2 56. h7 Nd1 57. Nxg4 d4 58. exd4 e3 59. Nxe3 Nxe3+ 60.
Ke4 Nxg2 61. h8=Q Ne1 62. d5+ Kb5 63. Qc3 Ng2 64. Qb2+ Kc5 65. Qxg2 1-0

[Event "Online Olym Div4 B 2020"]
[Site "chess.com INT"]
[Date "2020.07.31"]
[Round "2.3"]
[Board "2"]
[White "Wagodo, Abdul Shakuru"]
[Black "Damianou, Ioannis"]
[Result "0-1"]
[BlackTitle "CM"]
[WhiteElo "1895"]
[BlackElo "2202"]
[WhiteTeam "Uganda"]
[BlackTeam "Cyprus"]
[WhiteFideId "10003673"]
[BlackFideId "5902355"]
[EventDate "2020.07.31"]
[EventType "team"]

1. f4 d6 2. Nf3 g6 3. d4 Bg7 4. e4 c6 5. c3 Nd7 6. e5 Nh6 7. Bd3 O-O 8. O-O f6
9. Re1 dxe5 10. fxe5 fxe5 11. Ng5 Nf6 12. dxe5 Nd5 13. h4 Ng4 14. Qb3 Nxe5 15.
Bc2 h6 16. Ne4 Bf5 17. c4 Qb6+ 18. Kh1 Qxb3 19. axb3 Nb4 20. Na3 Nxc2 21. Nxc2
Nd3 22. Nc3 Nxe1 23. Nxe1 Bg4 24. Be3 Rf1+ 25. Kh2 Be5+ 26. g3 Raf8 27. Rc1 Bf3
28. Nd3 Rxc1 29. Nxc1 h5 30. Nd3 Bd6 31. Bxa7 Ra8 32. Bf2 Ra1 33. Ne1 Bc5 34.
Nxf3 Bxf2 35. Kg2 Be3 36. Ne5 Kg7 37. Nf3 Rc1 38. Ne5 Rc2+ 39. Kf3 Bd4 40. Nd3
Bxc3 41. bxc3 Rxc3 42. Ke4 Rxb3 43. Kd4 Kf6 44. Ke4 b5 45. cxb5 Rxd3 46. Kxd3
cxb5 0-1

[Event "Online Olym Div4 B 2020"]
[Site "chess.com INT"]
[Date "2020.07.31"]
[Round "2.3"]
[Board "3"]
[White "Ioannides Liu, Lian"]
[Black "Ampaire, Shakira"]
[Result "0-1"]
[BlackTitle "WCM"]
[WhiteElo "1270"]
[BlackElo "1673"]
[WhiteTeam "Cyprus"]
[BlackTeam "Uganda"]
[WhiteFideId "5904366"]
[BlackFideId "10002782"]
[EventDate "2020.07.31"]
[EventType "team"]

1. d4 d5 2. Bf4 Nf6 3. e3 Bf5 4. Nd2 e6 5. c3 Bd6 6. Bg3 Nbd7 7. Ngf3 Ne4 8.
Bxd6 cxd6 9. Nh4 Qxh4 10. g3 Qh6 11. Bg2 Nxd2 12. Qxd2 O-O 13. Qd1 Nf6 14. Qe2
Qg6 15. O-O-O Rfc8 16. f3 Bb1 17. g4 Bxa2 18. h4 Qb1+ 19. Kd2 Qxb2+ 20. Ke1
Qxc3+ 21. Kf2 Bc4 22. Qd2 Bb3 23. Qxc3 Rxc3 24. Rb1 a5 25. Ra1 a4 26. g5 Nh5 27.
f4 g6 28. Rhb1 b5 29. Bf3 Rc2+ 30. Ke1 Ng3 31. Rxb3 axb3 32. Rxa8+ Kg7 33. Kd1
Rf2 34. Bg4 b2 35. Ke1 Rc2 36. Bxe6 b1=Q# 0-1

[Event "Online Olym Div4 B 2020"]
[Site "chess.com INT"]
[Date "2020.07.31"]
[Round "2.3"]
[Board "4"]
[White "Namaganda, Christine"]
[Black "Ioannides Liu, Alice"]
[Result "0-1"]
[WhiteTitle "WFM"]
[WhiteElo "1661"]
[BlackElo "1287"]
[WhiteTeam "Uganda"]
[BlackTeam "Cyprus"]
[WhiteFideId "10000445"]
[BlackFideId "5904374"]
[EventDate "2020.07.31"]
[EventType "team"]

1. d4 Nf6 2. Bf4 d5 3. e3 Bf5 4. Nf3 e6 5. Nbd2 Be7 6. h3 O-O 7. Be2 h6 8. c3
Nbd7 9. O-O c6 10. Bh2 b5 11. Ne5 Nxe5 12. dxe5 Nd7 13. f4 Nc5 14. Nf3 Ne4 15.
Nd4 Qd7 16. Nxf5 exf5 17. g4 g6 18. gxf5 gxf5 19. c4 Bc5 20. Rf3 bxc4 21. Bxc4
Qb7 22. Bb3 Kh7 23. Kh1 Bxe3 24. Qc2 Bd4 25. Bg1 Bxg1 26. Rxg1 Rg8 27. Rff1 Ng3+
28. Kh2 Nxf1+ 29. Rxf1 Qd7 30. Ba4 Qe6 31. Qb1 c5 32. Bc2 Qa6 33. Bxf5+ Kh8 34.
Bg4 Rg7 35. Rg1 Rag8 36. Qf5 Qg6 37. Qxg6 Rxg6 38. Rg2 h5 39. Bf3 Rxg2+ 40. Bxg2
d4 41. Bd5 Rf8 42. Bc4 Kg7 43. Kg3 Rd8 44. Bd3 Rb8 45. b3 a5 46. f5 Ra8 47. Be2
Kh6 48. Kh4 Re8 49. e6 fxe6 50. fxe6 Rxe6 51. Bxh5 Re3 52. Bd1 d3 53. Kg4 d2 54.
h4 Re1 55. Bc2 d1=Q+ 56. Bxd1 Rxd1 0-1

[Event "Online Olym Div4 B 2020"]
[Site "chess.com INT"]
[Date "2020.07.31"]
[Round "2.3"]
[Board "5"]
[White "Rousis, Chrysostomos"]
[Black "Nyola Wasswa Mark"]
[Result "1/2-1/2"]
[WhiteElo "1692"]
[BlackElo "1680"]
[WhiteTeam "Cyprus"]
[BlackTeam "Uganda"]
[WhiteFideId "5902860"]
[BlackFideId "10007660"]
[EventDate "2020.07.31"]
[EventType "team"]

1. d4 Nf6 2. Bf4 d6 3. e3 g6 4. Bd3 Bg7 5. c4 Nbd7 6. Nf3 O-O 7. Nc3 Re8 8. O-O
e5 9. dxe5 dxe5 10. Bg5 h6 11. Bxf6 Nxf6 12. Qc2 Qe7 13. Nd2 c6 14. Rfd1 Bg4 15.
Be2 Bxe2 16. Nxe2 Rad8 17. e4 h5 18. c5 Rd7 19. b4 Red8 20. f3 Bh6 21. Nc4 b6
22. Rd6 Rxd6 23. Nxd6 bxc5 24. bxc5 Be3+ 25. Kh1 Bxc5 26. Nc4 Bd4 27. Rc1 Kg7
28. Na5 Be3 29. Nxc6 Qe8 30. Nxd8 Bxc1 31. Nxf7 Qe7 32. Qxc1 Qxf7 33. Qb2 Qe7
34. h3 Kh6 35. a4 h4 36. Qc3 Nh5 37. Qd2+ g5 38. Kh2 Kg6 39. Qd5 Nf4 40. Nxf4+
gxf4 41. a5 Qg5 42. Qe6+ Kh5 43. Qg4+ Kg6 44. Kg1 Kf6 45. Qxg5+ Kxg5 46. Kf2 Kf6
47. Ke2 Ke6 48. Kd3 Kd6 49. Kc4 a6 50. Kb4 Kc6 51. Kc4 Kd6 52. Kb4 Kc6 53. Kc4
Kd6 1/2-1/2

[Event "Online Olym Div4 B 2020"]
[Site "chess.com INT"]
[Date "2020.07.31"]
[Round "2.4"]
[Board "1"]
[White "Eiti, Bashir"]
[Black "Nezad, Husein Aziz"]
[Result "0-1"]
[WhiteTitle "IM"]
[BlackTitle "IM"]
[WhiteElo "2341"]
[BlackElo "2386"]
[WhiteTeam "Syria"]
[BlackTeam "Qatar"]
[WhiteFideId "7601875"]
[BlackFideId "12100293"]
[EventDate "2020.07.31"]
[EventType "team"]

1. d4 d5 2. c4 e6 3. cxd5 exd5 4. Nc3 c6 5. Nf3 Bf5 6. g3 Nf6 7. Bg2 Bd6 8. O-O
Nbd7 9. Nh4 Bg4 10. f3 Bh5 11. Nf5 Bf8 12. e4 Bg6 13. g4 Bxf5 14. gxf5 Bb4 15.
e5 Nh5 16. f4 g6 17. Be3 Ng7 18. e6 fxe6 19. fxe6 Nf6 20. Bh3 Qe7 21. f5 Nxf5
22. Bxf5 gxf5 23. Rxf5 O-O-O 24. Qf3 Rhg8+ 25. Kh1 Ng4 26. h3 Nxe3 27. Qxe3 Rg6
28. Re1 Re8 29. Rf7 Qh4 30. Rg1 Rxg1+ 31. Kxg1 Rg8+ 32. Kf1 Rg3 33. Qf4 Qxh3+
34. Ke1 Qxe6+ 35. Kd1 Bd6 36. Qf2 h5 37. Kc2 Qg6+ 38. Kb3 Rg2 39. Qf5+ Qxf5 40.
Rxf5 h4 41. Rh5 Rg4 42. Rh6 Be7 43. Rh7 Bf6 44. Rf7 Bxd4 45. Rf8+ Kd7 46. Rf7+
Ke6 47. Rxb7 h3 48. Rh7 Rg3 49. Kb4 Bf6 50. Na4 Rg4+ 51. Kb3 Rh4 52. Nc5+ Kf5
53. Rf7 h2 54. Nd7 Ke6 55. Rxf6+ Kxd7 56. Rf1 h1=Q 57. Rxh1 Rxh1 58. Ka4 Rh2 59.
b4 Rxa2+ 60. Kb3 Rh2 0-1

[Event "Online Olym Div4 B 2020"]
[Site "chess.com INT"]
[Date "2020.07.31"]
[Round "2.4"]
[Board "3"]
[White "Mahmoud, Roula"]
[Black "Al-Khelaifi, Kholoud"]
[Result "1-0"]
[WhiteTitle "WFM"]
[BlackTitle "WCM"]
[WhiteElo "1771"]
[BlackElo "1507"]
[WhiteTeam "Syria"]
[BlackTeam "Qatar"]
[WhiteFideId "7601263"]
[BlackFideId "12100145"]
[EventDate "2020.07.31"]
[EventType "team"]

1. e4 e5 2. Nf3 Nc6 3. Bc4 Bc5 4. O-O Nf6 5. b4 Bb6 6. Bb2 d6 7. c3 Bg4 8. h3
Bxf3 9. Qxf3 a6 10. a3 O-O 11. d3 Ba7 12. Nd2 Ne7 13. Nb3 b5 14. Bd5 Nexd5 15.
exd5 Qd7 16. c4 Rab8 17. Na5 Bb6 18. Nc6 Ra8 19. Rac1 h6 20. c5 dxc5 21. bxc5
Ba7 22. Bxe5 Nxd5 23. Qxd5 Qxd5 24. Ne7+ Kh8 25. Nxd5 c6 26. Nb4 Bb8 27. Bxb8
Rfxb8 28. Nxc6 Rc8 29. Ne5 Rab8 30. d4 a5 31. Nxf7+ Kg8 32. Nd6 Rd8 33. Rb1 b4
34. axb4 axb4 35. Rb3 Kf8 36. Rfb1 Ke7 37. Rxb4 Rxb4 38. Rxb4 g6 39. d5 h5 40.
f4 Rd7 41. Re4+ Kd8 42. Re8+ Kc7 43. Rc8# 1-0

[Event "Online Olym Div4 B 2020"]
[Site "chess.com INT"]
[Date "2020.07.31"]
[Round "2.4"]
[Board "5"]
[White "Koniahli, Malek."]
[Black "Abdulla Mohammed Al-Homaid"]
[Result "1-0"]
[WhiteTitle "FM"]
[WhiteElo "2261"]
[BlackElo "1301"]
[WhiteTeam "Syria"]
[BlackTeam "Qatar"]
[WhiteFideId "7603495"]
[BlackFideId "12102016"]
[EventDate "2020.07.31"]
[EventType "team"]

1. d4 d5 2. Nf3 Nf6 3. Bf4 c5 4. e3 Nc6 5. c3 cxd4 6. exd4 Bg4 7. Nbd2 e6 8. h3
Bh5 9. Bd3 Be7 10. O-O O-O 11. Re1 Bg6 12. Qe2 Re8 13. Ne5 Nxe5 14. Bxe5 Bd6 15.
f4 Qe7 16. g4 Bxd3 17. Qxd3 Nd7 18. Re2 f6 19. Bxd6 Qxd6 20. Rae1 Re7 21. Kg2
Rae8 22. Qg3 Nf8 23. f5 e5 24. dxe5 Rxe5 25. Rxe5 Rxe5 26. Nf3 Nd7 27. Nxe5 Nxe5
28. Qe3 Qc6 29. Qd4 h6 30. Rd1 Qb5 31. Qxd5+ Qxd5+ 32. Rxd5 Kf7 33. a4 Ke7 34.
a5 Nc4 35. Rb5 b6 36. axb6 axb6 37. b3 Ne3+ 38. Kf3 Nd1 39. c4 Nc3 40. Rxb6 Nd5
41. cxd5 1-0

[Event "Online Olym Div4 B 2020"]
[Site "chess.com INT"]
[Date "2020.07.31"]
[Round "2.4"]
[Board "6"]
[White "Layan Mansour AlQassabi"]
[Black "Khalil, Manar"]
[Result "0-1"]
[WhiteElo "1167"]
[BlackElo "1793"]
[WhiteTeam "Qatar"]
[BlackTeam "Syria"]
[WhiteFideId "12102059"]
[BlackFideId "7604661"]
[EventDate "2020.07.31"]
[EventType "team"]

1. e4 c5 2. Nc3 d6 3. f4 g6 4. Nf3 Bg7 5. g3 Nc6 6. Bg2 Nf6 7. d3 O-O 8. O-O a6
9. h3 Rb8 10. g4 b5 11. f5 Nd7 12. Nd5 Nde5 13. c3 e6 14. Ne3 b4 15. d4 Nxf3+
16. Bxf3 cxd4 17. cxd4 Nxd4 18. Bg2 Bb7 19. Qa4 Qb6 20. Bd2 Ne2+ 21. Kf2 Nf4 22.
Rab1 Nxg2 23. Kxg2 Bxe4+ 24. Kg1 Bxb1 25. Rxb1 exf5 26. gxf5 gxf5 27. Kh1 Qb7+
28. Kg1 Qe4 29. Qd1 f4 30. Nc2 Rb5 31. Ne1 Rg5+ 32. Kh2 Be5 33. Qg4 Rxg4 34.
hxg4 Qxb1 35. Bxb4 Qxb2+ 36. Kh1 Qxb4 37. Nf3 Qb1+ 38. Kg2 Qc2+ 39. Kh1 Qd1+ 40.
Kg2 Qe2+ 41. Kh3 Qxf3+ 42. Kh2 Qg3+ 43. Kh1 Bd4 44. a4 Qg1# 0-1

[Event "Online Olym Div4 B 2020"]
[Site "chess.com INT"]
[Date "2020.07.31"]
[Round "2.5"]
[Board "1"]
[White "Alothman, Abdul Wahab"]
[Black "Nduwayesu, Maranatha"]
[Result "0-1"]
[WhiteTitle "FM"]
[WhiteElo "1930"]
[BlackElo "1829"]
[WhiteTeam "Kuwait"]
[BlackTeam "Rwanda"]
[WhiteFideId "10300015"]
[BlackFideId "16001109"]
[EventDate "2020.07.31"]
[EventType "team"]

1. d4 e6 2. Nf3 d5 3. c4 Nf6 4. Nc3 Be7 5. Bf4 O-O 6. e3 c6 7. h3 Nbd7 8. c5 b6
9. b4 a5 10. a3 axb4 11. axb4 Rxa1 12. Qxa1 bxc5 13. bxc5 Nh5 14. Bh2 g6 15. Be2
Ng7 16. O-O e5 17. Nxe5 Nxe5 18. Bxe5 Bf6 19. Bh2 h5 20. Rb1 Nf5 21. Qa8 Qd7 22.
Rb8 Ne7 23. Na4 Qf5 24. Bd6 Kg7 25. Ba6 Bh4 26. g3 Bxa6 27. gxh4 Rxb8 28. Qxb8
Qxh3 29. Bxe7 Qf1+ 30. Kh2 Qxf2+ 31. Kh1 Be2 0-1

[Event "Online Olym Div4 B 2020"]
[Site "chess.com INT"]
[Date "2020.07.31"]
[Round "2.5"]
[Board "3"]
[White "Alawadhi, Amenah"]
[Black "Uwase, Joselyne"]
[Result "1-0"]
[WhiteTitle "WCM"]
[BlackTitle "WFM"]
[WhiteElo "1327"]
[BlackElo "1553"]
[WhiteTeam "Kuwait"]
[BlackTeam "Rwanda"]
[WhiteFideId "10301100"]
[BlackFideId "16000676"]
[EventDate "2020.07.31"]
[EventType "team"]

1. d4 d5 2. Bf4 Nc6 3. e3 a6 4. Nf3 Bg4 5. c4 e6 6. a3 Bd6 7. Bxd6 cxd6 8. cxd5
exd5 9. Nbd2 Nf6 10. Bd3 O-O 11. O-O Qe7 12. Qb3 Rab8 13. Rac1 Ne4 14. Qxd5 Nxd2
15. Nxd2 Be6 16. Qe4 Qf6 17. Qxh7# 1-0

[Event "Online Olym Div4 B 2020"]
[Site "chess.com INT"]
[Date "2020.07.31"]
[Round "2.5"]
[Board "4"]
[White "Shimwa, Marie Faustine"]
[Black "Hadeel Mohammad Kalandar"]
[Result "1-0"]
[WhiteElo "1397"]
[BlackElo "1114"]
[WhiteTeam "Rwanda"]
[BlackTeam "Kuwait"]
[WhiteFideId "16000188"]
[BlackFideId "10303642"]
[EventDate "2020.07.31"]
[EventType "team"]

1. d4 d5 2. c4 c6 3. Bf4 Bf5 4. Nc3 e6 5. e3 Bb4 6. Nf3 f6 7. Be2 Ne7 8. O-O O-O
9. Qb3 a5 10. a3 Bd6 11. Bxd6 Qxd6 12. Qxb7 Nd7 13. Qb3 e5 14. dxe5 fxe5 15. e4
Nc5 16. Qa2 dxe4 17. Ng5 h6 18. Ngxe4 Nxe4 19. c5+ Qe6 20. Bc4 Nd5 21. Nxd5 Kh7
22. Nc7 Qc8 23. Nxa8 Qxa8 24. Rfe1 Qe8 25. b4 axb4 26. axb4 Nc3 27. Qb2 1-0

[Event "Online Olym Div4 B 2020"]
[Site "chess.com INT"]
[Date "2020.07.31"]
[Round "3.1"]
[Board "1"]
[White "Nduwayesu, Maranatha"]
[Black "Beukes, Dante M"]
[Result "0-1"]
[BlackTitle "IM"]
[WhiteElo "1829"]
[BlackElo "2206"]
[WhiteTeam "Rwanda"]
[BlackTeam "Namibia"]
[WhiteFideId "16001109"]
[BlackFideId "15200540"]
[EventDate "2020.07.31"]
[EventType "team"]

1. e4 c5 2. d3 Nc6 3. Nd2 g6 4. g3 Bg7 5. Bg2 e5 6. Ngf3 Nge7 7. O-O O-O 8. Re1
d6 9. c3 h6 10. Nf1 Be6 11. Be3 b6 12. Qd2 Kh7 13. d4 Bg4 14. dxe5 dxe5 15. Qc2
Qc7 16. h3 Be6 17. N1h2 Rad8 18. b3 Qc8 19. h4 Ng8 20. Nd2 Nf6 21. f4 Nh5 22. f5
gxf5 23. exf5 Bxf5 24. Qd1 Nf6 25. Qf3 Ne7 26. Nc4 Ng4 27. Nxg4 Bxg4 28. Qe4+
Bf5 29. Qf3 Bg4 30. Qf2 f5 31. Qc2 Nd5 32. Bf2 e4 33. Ne3 Nxe3 34. Bxe3 Rd3 35.
Rac1 Rxc3 36. Qf2 Rd3 37. Qf4 Qb8 38. Qf2 Rxe3 39. Rxe3 Bd4 40. Kh2 Bxe3 41.
Qxe3 Qe5 42. Rf1 Rd8 43. Rf4 Rd3 44. Qe1 Rd1 45. Qf2 Qd4 46. Qc2 Qg1# 0-1

[Event "Online Olym Div4 B 2020"]
[Site "chess.com INT"]
[Date "2020.07.31"]
[Round "3.1"]
[Board "2"]
[White "Eichab, Charles"]
[Black "Munyurangabo, Ronjin"]
[Result "1-0"]
[WhiteTitle "CM"]
[WhiteElo "2029"]
[BlackElo "1725"]
[WhiteTeam "Namibia"]
[BlackTeam "Rwanda"]
[WhiteFideId "15200051"]
[BlackFideId "16000617"]
[EventDate "2020.07.31"]
[EventType "team"]

1. c4 e6 2. Nf3 d5 3. b3 Nf6 4. Bb2 g6 5. e3 Bg7 6. Be2 O-O 7. Nc3 dxc4 8. Bxc4
b6 9. O-O Bb7 10. Rc1 c5 11. d4 cxd4 12. Nxd4 Nc6 13. Nxc6 Bxc6 14. Qe2 Ne4 15.
Nxe4 Bxe4 16. Ba3 Re8 17. Bb5 Qg5 18. f3 Bb7 19. Bxe8 Rxe8 20. Rc7 Qa5 21. Rxb7
Qxa3 22. Rd1 Rc8 23. Qd2 Qc5 24. b4 Qc6 25. Qd7 Qxd7 26. Rdxd7 Rf8 27. Rxa7 Bc3
28. a3 h5 29. Rdb7 Bd2 30. Kf2 1-0